000 00290nam a22001337a 4500
008 170330b xxu||||| |||| 00| 0 eng d
020 _a9781405103336
041 _aeng
080 _23 ED
_a616-053.2
100 _a8
101 _aSHM
245 _aPEDIATRICS
_cMARINO.B.S
942 _2udc
_cBK
999 _c9162
_d9162